Statistics for Which Has A Lower pH?

Click here to take the quiz!

General Stats

  • This quiz has been taken 26 times
  • The average score is 4 of 5

Answer Stats

HintAnswer% Correct
Water or SoapWater
100%
Hydrochloric acid or VinegarHydrochloric acid
90%
Sulfuric acid or SaltSulfuric acid
90%
Orange juice or Nitric acidNitric acid
75%
Methane or SugarNeither
25%

Score Distribution

Percentile by Number Answered

Percent of People with Each Score

Your Score History

You have not taken this quiz